Estado de las finanzas del departamento 1998-2000 : Logros y resultados / (Registro nro. 4120)

Detalles MARC
000 -LEADER
fixed length control field 01017nam a2200217Ia 4500
003 - CONTROL NUMBER IDENTIFIER
control field OSt
005 - DATE AND TIME OF LATEST TRANSACTION
control field 20200702121518.0
008 - FIXED-LENGTH DATA ELEMENTS--GENERAL INFORMATION
fixed length control field 191128s2001 ck ad gr 000 0 spa d
040 ## - CATALOGING SOURCE
Original cataloging agency CO-JMCR
Transcribing agency CO-JMCR
041 0# - LANGUAGE CODE
Language code of text/sound track or separate title spa
082 04 - DEWEY DECIMAL CLASSIFICATION NUMBER
Classification number 330.9 /
Item number C972e
Edition number 23
110 1# - MAIN ENTRY--CORPORATE NAME
Corporate name or jurisdiction name as entry element Colombia. Departamento de Cundinamarca Secretaría de Hacienda
9 (RLIN) 6471
245 10 - TITLE STATEMENT
Title Estado de las finanzas del departamento 1998-2000 : Logros y resultados /
Statement of responsibility, etc. Departamento de Cundinamarca Secretaría de Hacienda
260 ## - PUBLICATION, DISTRIBUTION, ETC.
Place of publication, distribution, etc. Bogotá :
Name of publisher, distributor, etc. Edicundi,
Date of publication, distribution, etc. 2001.
300 ## - PHYSICAL DESCRIPTION
Extent 243 páginas :
Other physical details cuadros, gráficos ;
Dimensions 28 cm.
505 0# - FORMATTED CONTENTS NOTE
Formatted contents note Resumen ejecutado gestión y resultados -- Comportamiento de la deuda 1994-2000 -- Fondo de pensiones públicas -- Análisis portafolios de inversiones -- Informe de gestión entidfades intervenidas -- Características de los tributos departamentales
650 14 - SUBJECT ADDED ENTRY--TOPICAL TERM
Topical term or geographic name entry element Estado de finanzas departamentales
9 (RLIN) 6472
650 24 - SUBJECT ADDED ENTRY--TOPICAL TERM
Topical term or geographic name entry element Gestión y resultado
9 (RLIN) 6473
650 24 - SUBJECT ADDED ENTRY--TOPICAL TERM
Topical term or geographic name entry element Tributos departamentales
9 (RLIN) 6474
942 ## - ADDED ENTRY ELEMENTS (KOHA)
Source of classification or shelving scheme Dewey Decimal Classification
Koha item type Books
Existencias
Withdrawn status Lost status Source of classification or shelving scheme Materials specified (bound volume or other part) Damaged status Not for loan Home library Current library Shelving location Date acquired Source of acquisition Cost, normal purchase price Total Checkouts Full call number Barcode Date last seen Copy number Price effective from Koha item type
    Dewey Decimal Classification Donación--1/12/2018--     Biblioteca Pública José María del Castillo y Rada Biblioteca Pública José María del Castillo y Rada General Stacks 11/28/2019 Donación 0.00   330.9 / C972e 201808926 05/16/2024 Ej.1 11/28/2019 Books